000 00656nas a2200229 4500
001 BR9705454
003 BR-BrBNA
005 20231205100636.0
007 ta
008 230509b bl.|||p| |||| 00| 00por d
040 _aBR-BrBNA
_bpor
_cBiblioteca Nacional de Agricultura
041 _a(Pt)
072 _aL01
100 1 _aPaz, S.P.A.
245 1 _aOs anabolizantes e os consumidores
650 _aAnabolizante
650 _aRegulador de Crescimento
650 _aEngorda
773 0 _tHora Veterinaria (Brazil)
_xISSN 0101-9163
_g(Nov-Dec 1997), v. 17(100) p. 33-34
_wBR9705454
909 _a202311
_bLúcia
_c55
_dLúcia Elande
942 _2AGRIS
_n0
_cANA
999 _c157190
_d157190